| 000 | 00644nam a2200217Ia 4500 | ||
|---|---|---|---|
| 999 |
_c36289 _d36289 |
||
| 001 | 2196 | ||
| 003 | GE_BSU | ||
| 005 | 20221021115016.0 | ||
| 008 | 181216s1985ru xx |||||||||||||| ||rus|| | ||
| 040 | _cGE_BSU | ||
| 041 | _arus | ||
| 080 | _a159.9(075.8) У-27 | ||
| 100 |
_aУгринович, Д.М. _915423 |
||
| 245 |
_aПсихология религии / _cД.М. Угринович |
||
| 264 |
_aМосква : _bПолитиздат, _c1986. |
||
| 300 |
_a350 стр.: _b16 см. |
||
| 653 | _aПсихология | ||
| 653 | _aПсихология религии | ||
| 653 | _aფსიქოლოგია | ||
| 942 |
_cBK _2udc |
||